Music Quiz

Random Music or Billboard Quiz

3 Hits, 1 Click: 1980s Quiz Stats

 Plays Quiz Updated Nov 29, 2015

Challenge
Share
Tweet
Embed
Score 0/50 Timer 09:00
14 Plays Today
% Correct
Michael Jackson
93.9%
Madonna
93.5%
Prince
92.8%
Cyndi Lauper
91.9%
The Police
89.7%
Bon Jovi
89.7%
Queen
89.4%
Culture Club
88.5%
Guns N' Roses
88.5%
Wham!
86.9%
The Bangles
86.6%
Survivor
86.1%
Tina Turner
86%
U2
85.8%
Toto
85.6%
Bryan Adams
85.6%
Phil Collins
85.2%
Pat Benatar
84.5%
Duran Duran
84.4%
Bruce Springsteen
83.6%
Whitney Houston
82.8%
Kenny Loggins
82.6%
Lionel Richie
82.6%
Men at Work
82.1%
Van Halen
81.8%
% Correct
Bette Midler
81.1%
Olivia Newton-John
81.1%
Blondie
81%
Stevie Wonder
80%
John Cougar Mellencamp
79.7%
Elton John
79.6%
Huey Lewis & the News
79.3%
Tears for Fears
79.1%
David Bowie
78.4%
Robert Palmer
78.2%
The Rolling Stones
77.3%
Ray Parker, Jr.
77%
Daryl Hall & John Oates
75.1%
Paula Abdul
74%
Simple Minds
73.4%
Go-Go's
72.1%
The J. Geils Band
72%
Billy Idol
71.7%
Kool & the Gang
71%
Janet Jackson
68.2%
Styx
67.7%
Diana Ross
67.4%
Heart
66.5%
Donna Summer
66.5%
John Lennon
65.3%

You're not logged in!

Compare scores with friends on all Sporcle quizzes.
OR
Log In

You Might Also Like...

Show Comments

Extras

Top Quizzes Today


Score Distribution

Your Account Isn't Verified!

In order to create a playlist on Sporcle, you need to verify the email address you used during registration. Go to your Sporcle Settings to finish the process.

Report this User

Report this user for behavior that violates our Community Guidelines.

Details: